LEADER 01087nam a2200265 i 4500 001 991000399619707536 005 20020503180057.0 008 981215s1989 it ita 035 $ab10071908-39ule_inst 035 $aLE02515314$9ExL 040 $aFac. Economia$bita 082 0 $a332.1 100 1 $aBianchi, Tancredi$0111906 245 12$aL'arte del banchiere :$bletture di economia bancaria /$cTancredi Bianchi 260 $aMilano :$bEdibank,$c1989 300 $a497 p. ;$c25 cm 650 4$aBanche$xEconomia 907 $a.b10071908$b20-12-17$c27-06-02 912 $a991000399619707536 945 $aLE025 ECO 332.1 BIA01.01$g1$i2025000204706$lle025$o-$pE26.00$q-$rl$s- $t0$u1$v0$w1$x0$y.i14303681$z18-10-06 945 $aLE025 ECO 332.1 BIA01.01$g2$i2025000050891$lle025$o-$pE0.00$q-$rl$s- $t0$u2$v1$w2$x0$y.i10081057$z27-06-02 945 $aLE025 ECO 332.1 BIA01.01$g3$i2025000132610$lle025$o-$pE30.99$q-$rl$s- $t0$u0$v0$w0$x0$y.i14179362$z19-01-06 996 $aArte del banchiere$9194984 997 $aUNISALENTO 998 $ale025$b01-01-98$cm$da $e-$fita$git $h2$i1